Statistics for Novels by Vladimir Nabokov

Click here to take the quiz!

General Stats

  • This quiz has been taken 74 times
  • The average score is 10 of 19

Answer Stats

HintAnswer% Correct
1955Lolita
100%
1962Pale Fire
82%
1957Pnin
78%
1969Ada or Ardor: A Family Chronicle
72%
1936Invitation to a Beheading
55%
1933Laughter in the Dark
55%
1938The Gift
52%
1947Bend Sinister
50%
1934Despair
50%
1974Look at the Harlequins!
50%
1926Mary
50%
1930The Defence
50%
1941The Real Life of Sebastian Knight
45%
1928King, Queen, Knave
42%
1930The Eye
42%
2009The Original of Laura
40%
1972Transparent Things
40%
1939The Enchanter
37%
1932Glory
35%

Score Distribution

Percentile by Number Answered

Percent of People with Each Score

Your Score History

You have not taken this quiz